000 00802nam a22002057a 4500
999 _c175595
_d175595
005 20200910123211.0
010 _aENG-128401
020 _c400.00
_a9789353943691
035 _aEN-111933
037 _bDBAD/PUB
082 _a570
245 _aNEET Essentials 2020 Biology/
_cEdited by Biswajit Das, Narmada Kaushal and Ashi Jain
260 _aNoida
_bPearson
_c2020
270 _a15th floor,Tower-B,Word Trade Tower,Plot no.1,Block-C sec 16,
_bNoida
_e201301
_k04466540100
_mcompanysecretary.india@pearson.com
300 _ax; Various pages.
_c25cm(pbk)
_bPictures, Illustrations and Tables
700 _aSenior Editor-Acquisitions- Biswajit Das
700 _aDevelopment Editor- Narmada Kaushal
700 _aAssitant Editor-Production- Ashi Jain
942 _2ddc
_cEN
_h570
_mNEE